000 00319 a2200121 4500
001 ART_46566
005 20260410161630.0
008 260409a
245 1 0 _aLa Resolución técnica 48
100 1 _aDíaz, Teresa
700 1 _aPozzi, Nélida B.
773 0 _tEnfoques
_g- N°6 (jun. 2018)
_wREV416
999 _c12378
_d12378